000 00294nam a2200133Ia 4500
100 _aSingh/S.P./ Bagde/M.K.
942 _cBK
654 _aquantum
245 _aQuantum mechanics
260 _bS.Chand and Co.
_aNew Dellhi
_c1984
082 _a530.12
_bSIN
300 _a182
546 _aENGLISH
999 _c34772
_d34772